Welcome to CU Library Online Public Access Catalogue (OPAC)

Underground homes / (Record no. 8319)

MARC details
000 -LEADER
fixed length control field 00593pam a2200217 i 4500
001 - CONTROL NUMBER
control field 2298773
005 - DATE AND TIME OF LATEST TRANSACTION
control field 20251121185318.0
008 - FIXED-LENGTH DATA ELEMENTS--GENERAL INFORMATION
fixed length control field 800623s1980 laua b 001 0 eng
020 ## - INTERNATIONAL STANDARD BOOK NUMBER
International Standard Book Number 0882892738 (pbk.) :
Terms of availability $6.96
020 ## - INTERNATIONAL STANDARD BOOK NUMBER
International Standard Book Number 9780882892733
050 00 - LIBRARY OF CONGRESS CALL NUMBER
Classification number TH4819.E27
Item number W35 1980
082 00 - DEWEY DECIMAL CLASSIFICATION NUMBER
Classification number 690/.8
100 1# - MAIN ENTRY--PERSONAL NAME
Personal name Wampler, Louis.
245 10 - TITLE STATEMENT
Title Underground homes /
Statement of responsibility, etc. Louis Wampler.
250 ## - EDITION STATEMENT
Edition statement Rev. ed.
260 ## - PUBLICATION, DISTRIBUTION, ETC.
Place of publication, distribution, etc. Gretna, La. :
Name of publisher, distributor, etc. Pelican Pub. Co.,
Date of publication, distribution, etc. 1980.
300 ## - PHYSICAL DESCRIPTION
Extent 121 p. :
Other physical details ill. ;
Dimensions 22 cm.
500 ## - GENERAL NOTE
General note Includes index.
650 #0 - SUBJECT ADDED ENTRY--TOPICAL TERM
Topical term or geographic name entry element Earth sheltered houses.
942 ## - ADDED ENTRY ELEMENTS (KOHA)
Source of classification or shelving scheme Library of Congress Classification
Koha item type Books
Suppress in OPAC No
999 ## -
-- 8319
-- 8319
Holdings
Withdrawn status Lost status Source of classification or shelving scheme Damaged status Not for loan Collection Home library Current library Shelving location Date acquired Total checkouts Full call number Barcode Date last seen Copy number Price effective from Koha item type
    Library of Congress Classification     Non-fiction Science Library (Miotso) Science Library (Miotso) General stacks 11/21/2025   TH4819.E27 W35 WAM SLM00005968 11/21/2025 1 11/21/2025 Books
© 2023-2024 Copyright: Central University Libraries. All Rights Reserved | Created by: Mahone Tech Office